Name a Country Where These Mammals Are Found #2 - Statistics

General Stats
  • This quiz has been taken 45 times
  • The average score is 85 of 144
Answer Stats
Picture Hint Answer % Correct
Reindeer Canada | United States of America | Russia | Norway | Sweden | Finland | Mongolia | United Kingdom | Iceland | Denmark (Greenland)
100%
Spotted Hyena Angola | Zambia | Malawi | Mozambique | Zimbabwe | South Africa | Botswana | Namibia | Eswatini | Democratic Republic of the Congo | Tanzania | Rwanda | Burundi | Uganda | Kenya | Ethiopia | Somalia | South Sudan | Sudan | Central African Republic | Republic of the Congo | Gabon | Eritrea | Djibouti | Niger | Chad | Nigeria | Benin | Togo | Ivory Coast | Ghana | Burkina Faso | Mali | Guinea | Liberia | Sierra Leone | Gambia | Senegal | Cameroon | Guinea-Bissau | Mauritania
95%
Alpaca Argentina | Peru | Chile | Bolivia
95%
Arabian Sand Gazelle Saudi Arabia | Yemen | Oman | Qatar | Kuwait | United Arab Emirates | Iraq | Jordan
95%
Japanese Serow Japan
90%
Giraffe Namibia | Botswana | Zimbabwe | Angola | South Africa | Eswatini | Mozambique | Zambia | Tanzania | Kenya | Rwanda | South Sudan | Ethiopia | Niger | Chad | Cameroon | Nigeria | Central African Republic
90%
Central American Red Brocket Panama | Costa Rica | Nicaragua | Honduras | Guatemala | El Salvador | Belize | Mexico | Colombia
90%
Alpine Ibex Switzerland | France | Austria | Bulgaria | Italy | Slovenia | Liechtenstein
90%
Impala Tanzania | South Africa | Namibia | Zimbabwe | Botswana | Mozambique | Eswatini | Lesotho | Zambia | Malawi | Angola | Democratic Republic of the Congo | Burundi | Rwanda | Uganda | Kenya
90%
Mountain Goat Canada | United States of America
86%
Wild Yak China | India
86%
Bharal China | Nepal | Bhutan | India | Myanmar | Pakistan
86%
Central African Oyan Democratic Republic of the Congo | Central African Republic | Republic of the Congo | Cameroon | Equatorial Guinea | Gabon
86%
Klipspringer Ethiopia | Somalia | Eritrea | Djibouti | Sudan | South Sudan | Central African Republic | Namibia | Angola | South Africa | Eswatini | Botswana | Zambia | Zimbabwe | Mozambique | Rwanda | Uganda | Kenya | Democratic Republic of the Congo | Malawi | Nigeria
86%
Gaur India | Myanmar | Thailand | Laos | Cambodia | Vietnam | Malaysia | Nepal
86%
Bornean Bearded Pig Indonesia | Malaysia | Brunei | Philippines
86%
Bushpig Mozambique | Tanzania | Kenya | Somalia | Ethiopia | Burundi | Rwanda | Democratic Republic of the Congo | Uganda | Angola | Zambia | South Sudan | Zimbabwe | Botswana | Eswatini | South Africa | Sudan | Malawi
86%
European Bison Russia | Belarus | Ukraine | Poland | Slovakia | Latvia | Lithuania | Germany | Bulgaria | Romania
86%
Common Warthog Zambia | Angola | Namibia | Mozambique | South Africa | Eswatini | Tanzania | Kenya | Eritrea | Djibouti | South Sudan | Nigeria | Cameroon | Republic of the Congo | Central African Republic | Democratic Republic of the Congo | Burundi | Rwanda | Botswana | Zimbabwe | Chad | Benin | Togo | Burkina Faso | Ivory Coast | Ghana | Mali | Mauritania | Gambia | Senegal | Liberia | Sierra Leone | Sudan
86%
Northern Red Muntjac India | Nepal | Bhutan | Sri Lanka | Myanmar | Thailand | Laos | Cambodia | Vietnam | Malaysia | Indonesia | Bangladesh
81%
White-Tailed Deer United States of America | Canada | Mexico | Colombia | Venezuela | Panama | Costa Rica | Nicaragua | Honduras | Guatemala | El Salvador | Belize | Brazil | Suriname | Guyana | Peru | Bolivia | France (French Guiana)
81%
Bighorn Sheep United States of America | Mexico | Canada
81%
Moose Canada | United States of America | Russia | Norway | Sweden | Finland | Estonia | Latvia | Poland | Belarus | Czech Republic | Ukraine | Mongolia | China
76%
Red Goral China | Myanmar | India
76%
Blue Duiker Democratic Republic of the Congo | Central African Republic | Republic of the Congo | South Sudan | Burundi | Rwanda | Kenya | Uganda | Angola | South Africa | Mozambique | Zimbabwe | Zambia | Gabon | Equatorial Guinea | Nigeria | Cameroon
76%
Llama Ecuador | Peru | Bolivia | Chile | Argentina
76%
Mouflon Iran | Turkey | Armenia | Iraq | Cyprus | Italy | France
76%
Vicuña Peru | Argentina | Chile | Ecuador
76%
Black Wildebeest South Africa
76%
Large Indian Civet China | India | Myanmar | Thailand | Laos | Cambodia | Vietnam | Malaysia | Singapore | Nepal | Bangladesh | Bhutan
71%
Bongo Democratic Republic of the Congo | Central African Republic | Cameroon | Gabon | Republic of the Congo | Togo | Benin | Ghana | Ivory Coast | Liberia | Sierra Leone | Guinea | Kenya
71%
Giant Forest Hog Democratic Republic of the Congo | Republic of the Congo | Central African Republic | Uganda | Rwanda | Burundi | Cameroon | Gabon | Nigeria | Kenya | Ethiopia | Ghana | Ivory Coast | Liberia | Guinea
71%
African Buffalo Democratic Republic of the Congo | Republic of the Congo | Gabon | Equatorial Guinea | Cameroon | Central African Republic | Nigeria | Ghana | Ivory Coast | Liberia | Sierra Leone | Guinea | Senegal | Benin | Togo | Chad | Burkina Faso | South Sudan | Ethiopia | Sudan | Somalia | Kenya | Tanzania | Burundi | Rwanda | Mozambique | South Africa | Angola | Namibia | Zambia | Malawi | Eswatini | Botswana | Zimbabwe
71%
Saiga Antelope Kazakhstan | Russia | Mongolia
71%
Elk United States of America | Canada | China | Russia | North Korea | South Korea | Mongolia | Kazakhstan | Nepal | India | Bhutan | Kyrgyzstan
71%
Hairy-Fronted Muntjac China
67%
Dromedary Camel China | Mongolia | Kazakhstan | India | Iran | Afghanistan | Pakistan | Australia | Saudi Arabia | Yemen | Oman | United Arab Emirates | Qatar | Egypt | Tunisia | Algeria | Mauritania | Mali | Niger | Chad | Sudan | South Sudan | Eritrea | Ethiopia | Kenya | Somalia | Djibouti
67%
Red Deer France | Spain | Portugal | Morocco | Algeria | Tunisia | Italy | Switzerland | Norway | United Kingdom | Ireland | Sweden | Russia | Ukraine | Denmark | Belgium | Netherlands | Romania | Bulgaria | Belarus | Moldova | Poland | Germany | Croatia | Greece | Czech Republic | Hungary | Slovenia | Slovakia | Estonia | Latvia | Lithuania | Austria | Bosnia & Herzegovina | Serbia | Albania | Montenegro | Kosovo | North Macedonia | Turkey | Israel | Lebanon | Georgia | Azerbaijan | Armenia | Iran | Syria | Jordan | Iraq | Kazakhstan | Uzbekistan | Turkmenistan | Afghanistan | Tajikistan | China
67%
Pygmy Hog India | Bhutan
67%
Asian Palm Civet India | Nepal | China | Bhutan | Bangladesh | Myanmar | Thailand | Laos | Cambodia | Vietnam | Indonesia | Malaysia | Brunei | Philippines | East Timor | Singapore
67%
Nilgai India | Nepal | Pakistan
67%
Banded Palm Civet Indonesia | Malaysia | Brunei | Thailand
67%
Arabian Tahr Oman | United Arab Emirates
67%
Pyrenean Chamois Spain | Italy
67%
Common Genet Sudan | Ethiopia | Kenya | Tanzania | South Africa | Namibia | Botswana | Zimbabwe | Mozambique | Lesotho | Angola | Zambia | Uganda | Djibouti | Eritrea | Egypt | Chad | Niger | Nigeria | Benin | Togo | Ghana | Ivory Coast | Gambia | Senegal | Guinea | Mali | Mauritania | Burkina Faso | Central African Republic | Cameroon | Democratic Republic of the Congo | Algeria | Libya | Tunisia | Morocco | Yemen | Saudi Arabia | Oman | Spain | Portugal | France | Italy
67%
Kirk's Dik-Dik Tanzania | Kenya | Somalia | Uganda | Namibia | Angola
67%
American Bison United States of America | Canada
67%
Striped Hyena Algeria | Tunisia | Libya | Egypt | Morocco | Sudan | Somalia | Ethiopia | Kenya | Tanzania | Uganda | South Sudan | Niger | Nigeria | Chad | Mali | Mauritania | Senegal | Burkina Faso | Benin | Togo | Ghana | Ivory Coast | Cameroon | Central African Republic | Rwanda | Burundi | Eritrea | Djibouti | India | Nepal | Pakistan | Afghanistan | Turkmenistan | Uzbekistan | Iran | Iraq | Turkey | Syria | Saudi Arabia | Yemen | Oman | Qatar | United Arab Emirates | Israel | Lebanon | Jordan | Azerbaijan | Armenia | Kuwait | Tajikistan
62%
Common Tsessebe Angola | Namibia | Botswana | Democratic Republic of the Congo | South Africa | Zambia | Mozambique | Tanzania | Kenya | Somalia | Uganda | Central African Republic | Chad | Cameroon | South Sudan | Ethiopia | Sudan | Togo | Benin | Ghana | Burkina Faso | Niger
62%
Blue Wildebeest Botswana | South Africa | Namibia | Zambia | Angola | Zimbabwe | Mozambique | Eswatini | Tanzania | Kenya
62%
Muskox Canada | United States of America | Russia | Norway | Sweden | Denmark (Greenland)
62%
Okapia Democratic Republic of the Congo
62%
Sitatunga Democratic Republic of the Congo | Angola | Botswana | Namibia | Zambia | Tanzania | Rwanda | Burundi | Uganda | Kenya | South Sudan | Central African Republic | Republic of the Congo | Cameroon | Nigeria | Benin | Chad | Equatorial Guinea | Gabon | Guinea-Bissau | Senegal | Gambia
62%
Nilgiri Tahr India
62%
Water Buffalo India | China | Pakistan | Egypt | Brazil | Nepal | Myanmar | Thailand | Laos | Vietnam | Philippines | Indonesia
62%
Blackbuck India | Pakistan | Nepal
62%
Indian Brown Mongoose India | Sri Lanka
62%
Sulawesi Palm Civet Indonesia
62%
Addax Mauritania | Niger | Chad | Morocco | Tunisia
62%
Nyala Mozambique | South Africa | Malawi | Zambia | Zimbabwe | Botswana
62%
Wild Water Buffalo Myanmar | India | Nepal | Thailand | Cambodia
62%
Iberian Ibex Spain | Portugal
62%
Siberian Ibex Tajikistan | Mongolia | Russia | China | Kazakhstan | Pakistan | India | Afghanistan | Uzbekistan
62%
Mule Deer United States of America | Canada | Mexico
62%
Greater Kudu Botswana | Namibia | Zimbabwe | Mozambique | South Africa | Eswatini | Tanzania | Zambia | Angola | Democratic Republic of the Congo | Kenya | Malawi | Ethiopia | Somalia | Eritrea | South Sudan | Sudan | Chad | Central African Republic
57%
Wild Bactrian Camel China | Mongolia
57%
Argali China | Nepal | Bhutan | Mongolia | Kazakhstan | Uzbekistan | Tajikistan | Kyrgystan | Afghanistan | Russia | Pakistan
57%
Binturong Indonesia | Malaysia | Brunei | Vietnam | Laos | Cambodia | Thailand | Myanmar | India | Bhutan | China | Bangladesh | Philippines
57%
Urial Iran | Turkmenistan | Uzbekistan | Kazakhstan | Tajikistan | Afghanistan | Pakistan | India
57%
Bactrian Camel Kazakhstan | Mongolia | China | Pakistan | India | Afghanistan
57%
Desert Warthog Kenya | Somalia | Ethiopia | Djibouti
57%
Himalayan Tahr Nepal | India | China
57%
Cape Genet South Africa | Lesotho
57%
Meerkat South Africa | Namibia | Botswana | Lesotho | Angola
57%
Aardwolf South Africa | Namibia | Botswana | Lesotho | Eswatini | Zimbabwe | Mozambique | Angola | Zambia | Tanzania | Egypt | Sudan | Djibouti | Eritrea | Somalia | Ethiopia | South Sudan | Kenya | Uganda
57%
Thomson's Gazelle Tanzania | Kenya
57%
Southern Reedbuck Angola | Democratic Republic of the Congo | Zambia | Zimbabwe | Mozambique | Eswatini | South Africa | Tanzania | Botswana | Namibia | Gabon
52%
Angolan Slender Mongoose Angola | Namibia
52%
Guanaco Argentina | Peru | Chile | Bolivia
52%
Pampas Deer Brazil | Bolivia | Paraguay | Uruguay | Argentina
52%
Water Deer China | North Korea | South Korea
52%
African Palm Civet Democratic Republic of the Congo | Angola | Tanzania | Mozambique | Zimbabwe | Kenya | Republic of the Congo | Central African Republic | Equatorial Guinea | Gabon | Uganda | Burundi | Rwanda | Cameroon | Togo | Benin | Ghana | Ivory Coast | Sierra Leone | Liberia | Guinea | Gambia | Guinea-Bissau | Senegal
52%
Red River Hog Democratic Republic of the Congo | Chad | Sudan | Central Africa Republic | Republic of the Congo | Gabon | Equatorial Guinea | Benin | Togo | Ghana | Ivory Coast | Sierra Leone | Liberia | Guinea-Bissau | Guinea | Senegal | Mali | Angola | Ethiopia | Uganda | Kenya
52%
Four-Horned Antelope India | Nepal
52%
Buru Babirusa Indonesia
52%
Otter Civet Indonesia | Malaysia | Brunei | Thailand | Myanmar
52%
Common Cusimanse Ivory Coast | Sierra Leone | Ghana | Togo | Liberia | Guinea
52%
Gemsbok Namibia | Botswana | South Africa | Zimbabwe
52%
Takin Nepal | India | Bhutan | China | Myanmar
52%
Markhor Pakistan | Afghanistan | Tajikistan | Uzbekistan | India
52%
Musk Deer Russia | China | Mongolia | North Korea | South Korea | Kazakhstan | Vietnam | Afghanistan | Pakistan | Nepal | India | Myanmar | Bhutan
52%
Cape Grysbok South Africa
52%
Cape Gray Mongoose South Africa | Lesotho | Namibia
52%
Steenbok South Africa | Namibia | Angola | Botswana | Mozambique | Zimbabwe | Zambia | Eswatini | Lesotho | Tanzania | Malawi | Kenya | Uganda
52%
Springbok South Africa | Namibia | Botswana | Lesotho | Angola
52%
Brown Hyena South Africa | Namibia | Botswana | Lesotho | Eswatini | Zimbabwe | Mozambique | Angola
52%
Hartebeest South Africa | Namibia | Botswana | Zimbabwe | Angola | Mozambique | Zambia | Democratic Republic of the Congo | Tanzania | Malawi | Kenya | Uganda | Ethiopia | South Sudan | Central African Republic | Chad | Benin | Togo | Cameroon | Ghana | Ivory Coast | Burkina Faso | Mali | Nigeria | Senegal | Gambia | Guinea | Guinea-Bissau | Eritrea
52%
Pronghorn United States of America | Mexico | Canada
52%
Barbary Sheep Algeria | Chad | Egypt | Libya | Mali | Mauritania | Morocco | Niger | Tunisia | Sudan
48%
Tufted Deer China | Myanmar
48%
Mainland Serow China | Nepal | India | Bhutan | Myanmar | Thailand | Vietnam | Bangladesh | Cambodia | Laos | Malaysia | Indonesia
48%
Barasingha India | Nepal
48%
Lowland Anoa Indonesia
48%
Short-Tailed Mongoose Indonesia | Malaysia | Brunei | Philippines
48%
Banteng Myanmar | Thailand | Laos | Cambodia | Vietnam | Indonesia | Malaysia
48%
Red-Flanked Duiker Nigeria | Cameroon | Chad | Central African Republic | Uganda | South Sudan | Democratic Republic of the Congo | Togo | Benin | Ghana | Ivory Coast | Liberia | Sierra Leone | Guinea-Bissau | Guinea | Senegal | Mali | Gambia | Burkina Faso | Niger
48%
Taruca Peru | Bolivia | Argentina | Chile
48%
Palawan Bearded Pig Philippines
48%
Bontebok South Africa | Lesotho | Namibia
48%
Yellow Mongoose South Africa | Namibia | Botswana | Lesotho | Zimbabwe | Angola
48%
Saola Vietnam | Laos
48%
Javan Mongoose Vietnam | Thailand | Laos | Cambodia | Malaysia | Indonesia | China
48%
Roan Antelope Angola | Zambia | Namibia | South Africa | Mozambique | Zimbabwe | Democratic Republic of the Congo | Uganda | Kenya | South Sudan | Botswana | Central African Republic | Cameroon | Chad | Nigeria | Niger | Togo | Benin | Burkina Faso | Ivory Coast | Mali | Guinea | Senegal | Guinea-Bissau
43%
Chacoan Peccary Argentina | Paraguay | Bolivia
43%
Marsh Deer Brazil | Paraguay | Bolivia | Argentina | Peru | Uruguay
43%
Dall Sheep Canada | United States of America
43%
Masked Palm Civet China | Japan | Taiwan | Myanmar | Thailand | Laos | Cambodia | Vietnam | Malaysia | Indonesia | India | Bhutan | Nepal | Brunei | Pakistan
43%
Crab-Eating Mongoose China | Myanmar | Bangladesh | Nepal | Bhutan | Vietnam | Laos | Cambodia | Taiwan | Thailand | India | Malaysia
43%
Black-Fronted Duiker Democratic Republic of the Congo | Angola | Gabon | Equatorial Guinea | Cameroon | Republic of the Congo | Central African Republic | Nigeria | Uganda | Kenya | Rwanda | Burundi
43%
Yellow-Backed Duiker Democratic Republic of the Congo | Angola | Zambia | Gabon | Equatorial Guinea | Cameroon | Republic of the Congo | Central African Republic | Chad | Uganda | Kenya | Nigeria | Benin | Togo | Ghana | Ivory Coast | Sierra Leone | Liberia | Burkina Faso | Guinea | Guinea-Bissau | Senegal | South Sudan | Rwanda
43%
Marsh Mongoose Democratic Republic of the Congo | Namibia | Angola | Zambia | Mozambique | South Africa | Zimbabwe | Botswana | Lesotho | Eswatini | Central African Republic | Republic of the Congo | Gabon | Equatorial Guinea | Benin | Togo | Uganda | Kenya | Ethiopia | South Sudan | Sudan | Chad | Nigeria | Niger | Burkina Faso | Ivory Coast | Liberia | Sierra Leone | Guinea-Bissau | Guinea | Gambia | Senegal | Mali | Cameroon | Burundi | Rwanda
43%
Hirola Kenya
43%
Visayan Warty Pig Philippines
43%
Tamaraw Philippines
43%
Speke's Gazelle Somalia
43%
Gerenuk Somalia | Ethiopia | Kenya | Djibouti | Tanzania
43%
Cuvier's Gazelle Algeria | Tunisia | Morocco
38%
Small Red Brocket Brazil
38%
Southern Pudu Chile | Argentina
38%
Günther's Dik-Dik Ethiopia | Somalia | South Sudan | Kenya | Uganda
38%
Banded Linsang Indonesia | Malaysia | Brunei | Thailand | Myanmar
38%
Red Serow Myanmar
38%
Mongalla Gazelle South Sudan
38%
Nile Lechwe South Sudan | Ethiopia
38%
Red-Fronted Gazelle Sudan | Eritrea | Ethiopia | Chad | Cameroon | Niger | Nigeria | Benin | Burkina Faso | Mali | Senegal | Mauritania
38%
Selous's Mongoose Zimbabwe | Zambia | Angola | Malawi | South Africa | Botswana | Mozambique
38%
Giant Eland Central African Republic | Chad | Cameroon | South Sudan | Senegal | Guinea | Mali
33%
Pardine Genet Ivory Coast | Ghana | Liberia | Sierra Leone | Gambia | Senegal | Guinea | Mali | Mauritania | Guinea-Bissau | Burkina Faso
33%
Beira Somalia | Ethiopia | Djibouti
33%
Owston's Palm Civet Vietnam | Laos | China
33%
Dorcas Gazelle Algeria | Tunisia | Morocco | Mauritania | Mali | Libya | Sudan | Egypt | Chad | Niger | Eritrea | Somalia | Djibouti | Burkina Faso | Ethiopia | Israel
29%
Dama Gazelle Chad | Niger | Mali | Algeria | Morocco
29%
Goitered Gazelle China | Mongolia | Kazakhstan | Uzbekistan | Turkmenistan | Iran | Afghanistan | Pakistan | Iraq | Azerbaijan | Tajikistan | Kyrgyzstan | Turkey
29%
Dibatag Ethiopia | Somalia
29%
No matching quizzes found
Score Distribution
Percent of People with Each Score
Percentile by Number Answered
Your Score History
You have not taken this quiz